000 00506nmm a2200169Ia 4500
008 251105s9999||||xx |||||||||||||||||und||
020 _a9788496491960
041 _aspa
100 _aRivas García, Jesús
245 0 _aDireccion estratégica de empresas turísticas
264 _a[Madrid, España] :
_bSeptem Ediciones,
_c2008
300 _a118 páginas
490 _aSeptem Universitas
650 _aEconomics and Business
856 _uhttps://public.digitaliapublishing.com/a/35535
942 _cCF
999 _c89958
_d89958